Music Quiz

Random Music or Singers Quiz
Score 0/10 Timer 01:00
0 Plays Today
% Correct
Beyoncé Knowles
94.6%
Anthony Kiedis
85.3%
Chad Kroeger
84.6%
Mark Knopfler
83%
Chaka Khan
71.5%
Jay Kay
67.3%
Jim Kerr
62.2%
Ezra Koenig
52.6%
Bobby Kimball
50%
John Kay
49%
Come Together.
Have Fun.
All Virtual.
We all need to come together. Play Sporcle's virtual live trivia to have fun, connect with people, and get your trivia on. Join a live hosted trivia game for your favorite pub trivia experience done virtually. If a virtual private party is more your thing, go here for details.

You're not logged in!

Compare scores with friends on all Sporcle quizzes.
OR
Log In

Sporcle TV

Today on Sporcle TV


Watch our educational content, quiz creation guides, and fun videos on Sporcle TV.

Show Comments

Extras

Top Quizzes Today


Score Distribution

Paid Content

Your Account Isn't Verified!

In order to create a playlist on Sporcle, you need to verify the email address you used during registration. Go to your Sporcle Settings to finish the process.

Report this User

Report this user for behavior that violates our Community Guidelines.

Details: